[Event "Wch U16 Girls"]
[Site "Florianopolis"]
[Date "2024.10.30"]
[Round "2"]
[White "Tabermakova, Leila"]
[Black "Mikulinaite, Meta"]
[Result "1-0"]
[WhiteElo "2014"]
[BlackElo "1564"]
[PlyCount "83"]
[EventDate "2024.10.29"]
[EventType "swiss"]
[EventRounds "11"]
[EventCountry "BRA"]
[SourceTitle "CB45_2024"]
[Source "ChessBase"]
[SourceDate "2024.11.06"]
[SourceVersion "1"]
[SourceVersionDate "2024.11.06"]
[SourceQuality "1"]

1. e4 e6 2. d4 d5 3. Nc3 Nf6 4. e5 Nfd7 5. Nce2 c5 6. c3 Nc6 7. Nf3 a6 8. Nf4 Be7 9. Bd3 0-0 10. 0-0 b5 11. Be3 cxd4 12. cxd4 Nb6 13. Qc2 Bd7 14. Bxh7+ Kh8 15. Bd3 Nb4 16. Qe2 Nxd3 17. Nxd3 Kg8 18. Nfe1 Nc4 19. f4 Nxe3 20. Qxe3 g6 21. Nc5 Kg7 22. Ned3 Rh8 23. Rf3 Qc7 24. Raf1 a5 25. g4 Rh4 26. Rg3 Rah8 27. h3 Kf8 28. Kg2 b4 29. Rf2 Qc8 30. Rc2 Kg8 31. Qc1 Bf8 32. Nxe6 Qa6 33. Nxf8 Kxf8 34. Nc5 Qa7 35. Nxd7+ Qxd7 36. Rc7 Qa4 37. Qc5+ Kg7 38. Qe7 Rg8 39. Qxh4 Qd1 40. Rf3 Qe2+ 41. Qf2 Qa6 42. f5 1-0

[Event "LTU-ch sf"]
[Site "Kaunas"]
[Date "2024.03.11"]
[Round "8"]
[White "Mikulinaite, Meta"]
[Black "Budiak, Arina"]
[Result "0-1"]
[WhiteElo "1638"]
[BlackElo "1651"]
[PlyCount "120"]
[EventDate "2024.03.06"]
[EventType "swiss"]
[EventRounds "8"]
[EventCountry "LTU"]
[SourceTitle "CBM 219 Extra"]
[Source "ChessBase"]
[SourceDate "2024.05.31"]
[SourceVersion "1"]
[SourceVersionDate "2024.05.31"]
[SourceQuality "1"]

1. e4 c6 2. d4 d5 3. exd5 cxd5 4. Bd3 Nc6 5. c3 Qc7 6. h3 e6 7. Nf3 Nf6 8. Be3 Be7 9. 0-0 0-0 10. Nbd2 Bd7 11. Rc1 Rfc8 12. c4 dxc4 13. Nxc4 b5 14. Nce5 Qb7 15. Nxd7 Nxd7 16. Qe2 a6 17. Be4 Nf6 18. Bb1 Rd8 19. Rfd1 Rac8 20. a3 Nd5 21. Qd3 g6 22. h4 h5 23. Ng5 Nxe3 24. fxe3 Bxg5 25. hxg5 Rd5 26. Qd2 Rxg5 27. e4 Rg4 28. d5 Nd8 29. d6 Rxc1 30. Rxc1 Qb6+ 31. Kf1 e5 32. Rc3 Rf4+ 33. Rf3 Rxf3+ 34. gxf3 Ne6 35. Ba2 Nd4 36. f4 Qxd6 37. f5 Qf6 38. Kg2 gxf5 39. Qf2 Qg6+ 40. Kf1 f4 41. Bd5 Qg3 42. Qxg3+ fxg3 43. Kg2 h4 44. Ba2 Kg7 45. Bb1 Ne2 46. Bc2 Nf4+ 47. Kg1 h3 48. Bd1 Kg6 49. Bg4 Kg5 50. Bd1 f5 51. Bf3 fxe4 52. Bxe4 Kg4 53. Bb7 a5 54. Bc6 b4 55. a4 Ne2+ 56. Kh1 g2+ 57. Bxg2 hxg2+ 58. Kxg2 Kf4 59. Kf2 Nd4 60. Ke1 Ke3 0-1

[Event "LTU-ch sf"]
[Site "Kaunas"]
[Date "2024.03.07"]
[Round "2"]
[White "Alionis, Augustas"]
[Black "Mikulinaite, Meta"]
[Result "0-1"]
[WhiteElo "1535"]
[BlackElo "1638"]
[PlyCount "76"]
[EventDate "2024.03.06"]
[EventType "swiss"]
[EventRounds "8"]
[EventCountry "LTU"]
[SourceTitle "CBM 219 Extra"]
[Source "ChessBase"]
[SourceDate "2024.05.31"]
[SourceVersion "1"]
[SourceVersionDate "2024.05.31"]
[SourceQuality "1"]

1. e4 e6 2. d4 d5 3. exd5 exd5 4. c4 c6 5. Nc3 Nf6 6. Bd3 Be7 7. Nge2 0-0 8. 0-0 Na6 9. a3 Nc7 10. Bf4 dxc4 11. Bxc4 Ncd5 12. Nxd5 Nxd5 13. Bxd5 Qxd5 14. Nc3 Qf5 15. Be3 Be6 16. Qe2 Rfe8 17. Rfe1 Bf6 18. f3 Bb3 19. Qf2 Bd5 20. Rac1 Rad8 21. Red1 Re6 22. Re1 Rde8 23. Rcd1 Bxf3 24. gxf3 Rxe3 25. Rxe3 Qg5+ 26. Kf1 Rxe3 27. Ne4 Qb5+ 28. Kg1 Bg5 29. Qg3 h6 30. h4 Qe2 31. Rf1 Rxe4 32. hxg5 Rxd4 33. gxh6 Qe3+ 34. Rf2 Rd1+ 35. Kg2 Qxh6 36. Qb8+ Kh7 37. Rf1 Qg5+ 38. Kf2 Rd2+ 0-1

[Event "Taujenai-ch rapid"]
[Site "Taujenai"]
[Date "2023.10.28"]
[Round "3"]
[White "Mikulinaite, Meta"]
[Black "Kavalnis, Rytis"]
[Result "0-1"]
[WhiteElo "1473"]
[BlackElo "1758"]
[PlyCount "82"]
[EventDate "2023.10.28"]
[EventType "swiss (rapid)"]
[EventRounds "10"]
[EventCountry "LTU"]
[SourceTitle "CBM 216 Extra"]
[Source "ChessBase"]
[SourceDate "2023.11.30"]
[SourceVersion "1"]
[SourceVersionDate "2023.11.30"]
[SourceQuality "1"]

1. e4 e5 2. Nf3 Nc6 3. Bc4 Nf6 4. Ng5 d5 5. exd5 Na5 6. Bb5+ c6 7. dxc6 bxc6 8. Be2 h6 9. Nf3 Bd6 10. d3 Qc7 11. h3 0-0 12. 0-0 Nd5 13. Nc3 f5 14. Nh2 Bd7 15. Nf3 Rae8 16. Bd2 Nb7 17. Rc1 Nc5 18. Nxd5 cxd5 19. b4 Ne6 20. c4 dxc4 21. dxc4 e4 22. Ne1 Bf4 23. Nc2 Rd8 24. Ne3 Bc6 25. b5 Bb7 26. Nd5 Qf7 27. Bxf4 Nxf4 28. Qc2 Nxd5 29. cxd5 Bxd5 30. Rfd1 Bxa2 31. Re1 Bd5 32. Qa4 Qb7 33. Rc5 Qe7 34. Rec1 e3 35. f3 f4 36. Rc7 Qh4 37. Qxa7 Bf7 38. Rf1 Qg3 39. Bc4 Bxc4 40. Rxc4 Rd2 41. Rcc1 Qxg2# 0-1

[Event "LTU-ch sf"]
[Site "Vilnius"]
[Date "2023.04.16"]
[Round "9"]
[White "Nainys, Zanas1"]
[Black "Mikulinaite, Meta"]
[Result "1-0"]
[WhiteElo "1711"]
[BlackElo "1152"]
[PlyCount "93"]
[EventDate "2023.04.11"]
[EventType "swiss"]
[EventRounds "9"]
[EventCountry "LTU"]
[SourceTitle "CBM 213 Extra"]
[Source "ChessBase"]
[SourceDate "2023.05.31"]
[SourceVersion "1"]
[SourceVersionDate "2023.05.31"]
[SourceQuality "1"]

1. a3 d5 2. d4 e6 3. Nf3 h6 4. c4 Nf6 5. Nc3 dxc4 6. e4 b6 7. Bxc4 Bb7 8. Bb5+ c6 9. Ba4 Be7 10. 0-0 Nbd7 11. e5 Nd5 12. Nxd5 exd5 13. Qd3 Nf8 14. Be3 Ne6 15. Rac1 Rc8 16. Nd2 Kf8 17. b4 a6 18. f4 c5 19. bxc5 bxc5 20. f5 Nxd4 21. Bxd4 cxd4 22. f6 gxf6 23. exf6 Bxf6 24. Rb1 Bc6 25. Qxa6 Bxa4 26. Rxf6 Bc2 27. Rbf1 Rh7 28. Qa7 Qc7 29. Qxd4 Qc5 30. Nf3 Be4 31. Qxc5+ Rxc5 32. Ne5 Rc7 33. Rc6 Rxc6 34. Nxc6 Rg7 35. g3 f5 36. Nd4 Rf7 37. Rc1 Ra7 38. Rc3 Kf7 39. Kf2 Kf6 40. Ke3 Ra6 41. Rc6+ Rxc6 42. Nxc6 Kg5 43. Ne5 h5 44. h4+ Kf6 45. Nd3 Bxd3 46. Kxd3 Ke5 47. a4 1-0

[Event "LTU-ch sf"]
[Site "Vilnius"]
[Date "2023.04.12"]
[Round "3"]
[White "Andrijauskas, Domas"]
[Black "Mikulinaite, Meta"]
[Result "1/2-1/2"]
[WhiteElo "1270"]
[BlackElo "1152"]
[PlyCount "61"]
[EventDate "2023.04.11"]
[EventType "swiss"]
[EventRounds "9"]
[EventCountry "LTU"]
[SourceTitle "CBM 213 Extra"]
[Source "ChessBase"]
[SourceDate "2023.05.31"]
[SourceVersion "1"]
[SourceVersionDate "2023.05.31"]
[SourceQuality "1"]

1. c4 e6 2. Nc3 c5 3. e3 d5 4. cxd5 exd5 5. d4 Nf6 6. Nf3 Nc6 7. Bb5 a6 8. Bxc6+ bxc6 9. 0-0 Bd6 10. a3 0-0 11. dxc5 Bxc5 12. b4 Bd6 13. h3 a5 14. b5 cxb5 15. Nxb5 Ba6 16. Rb1 Rb8 17. a4 Bb4 18. Nfd4 Qd7 19. Bd2 Bc5 20. Bxa5 Bxd4 21. Qxd4 Bxb5 22. axb5 Rxb5 23. Rxb5 Qxb5 24. Bc3 Rc8 25. Rd1 h6 26. Qd3 Qxd3 27. Rxd3 Ne4 28. Be1 Rd8 29. f3 Nc5 30. Rd1 Ne6 31. Kf2 1/2-1/2

[Event "Plunge op-B 41st"]
[Site "Plateliai"]
[Date "2022.07.22"]
[Round "7"]
[White "Cibulskyte, Smilte"]
[Black "Mikulinaite, Meta"]
[Result "1-0"]
[WhiteElo "1085"]
[BlackElo "1136"]
[PlyCount "86"]
[EventDate "2022.07.18"]
[EventType "swiss"]
[EventRounds "9"]
[EventCountry "LTU"]
[SourceTitle "CBM 209 Extra"]
[Source "ChessBase"]
[SourceDate "2022.09.30"]
[SourceVersion "1"]
[SourceVersionDate "2022.09.30"]
[SourceQuality "1"]

1. e4 e6 2. d4 d5 3. exd5 exd5 4. Bd3 Bd6 5. h3 h6 6. Nf3 Ne7 7. 0-0 0-0 8. c3 Ng6 9. Re1 Nc6 10. Nbd2 Nce7 11. Nf1 b6 12. Ne5 c5 13. Nxg6 Nxg6 14. Be2 Bb7 15. dxc5 bxc5 16. Bf3 Bc7 17. Ne3 Re8 18. c4 Qd6 19. g3 Rad8 20. Bxd5 Bxd5 21. Nxd5 Rxe1+ 22. Qxe1 Ne5 23. Qc3 Nxc4 24. Nxc7 Qxc7 25. Bxh6 gxh6 26. Qxc4 Qe7 27. Rc1 Rc8 28. Qg4+ Kh7 29. Qxc8 Qe5 30. Qxc5 Qg7 31. Qf5+ Qg6 32. Qxg6+ Kxg6 33. Rc6+ f6 34. Ra6 Kg5 35. Rxa7 Kg6 36. b4 Kg5 37. b5 Kg6 38. b6 Kg5 39. b7 Kg6 40. b8Q Kg5 41. Ra5+ f5 42. Qf4+ Kg6 43. Ra6+ Kg7 1-0

[Event "Panevezys op-C"]
[Site "Panevezys"]
[Date "2022.07.03"]
[Round "7"]
[White "Maklakova, Dafne"]
[Black "Mikulinaite, Meta"]
[Result "0-1"]
[WhiteElo "1021"]
[BlackElo "1136"]
[PlyCount "156"]
[EventDate "2022.07.01"]
[EventType "swiss"]
[EventRounds "7"]
[EventCountry "LTU"]
[SourceTitle "EXT 2023"]
[Source "ChessBase"]
[SourceDate "2022.10.05"]
[SourceVersion "1"]
[SourceVersionDate "2022.10.05"]
[SourceQuality "1"]

1. e4 e5 2. Nf3 Nc6 3. Bc4 Be7 4. 0-0 Nf6 5. Nc3 d6 6. h3 0-0 7. d3 h6 8. Be3 Na5 9. Bb3 Nxb3 10. axb3 b6 11. d4 exd4 12. Nxd4 Bb7 13. Qf3 Nh7 14. Qg3 Bh4 15. Qg4 Bc8 16. Nf5 Bxf5 17. exf5 Bg5 18. Bxg5 Nxg5 19. h4 Nh7 20. Ne4 Nf6 21. Nxf6+ Qxf6 22. Rfe1 Qxb2 23. Rac1 Kh7 24. Qe4 Qf6 25. h5 Kg8 26. Re3 Rac8 27. Rg3 Rfe8 28. Qf4 Re7 29. Rf1 Rce8 30. Qc1 Re4 31. Qd1 Qxf5 32. Qa1 Qe5 33. Qxe5 R4xe5 34. Rh3 Re2 35. c4 a5 36. Rg3 c6 37. Rd3 R2e6 38. Rdd1 Rd8 39. Rd2 Kf8 40. Rfd1 Ke7 41. Kf1 Kd7 42. f3 Kc7 43. Kf2 Re5 44. g4 b5 45. cxb5 Rxb5 46. Rd3 Rb7 47. Rb1 c5 48. Rc3 Kc6 49. Ke3 Rdb8 50. Kd3 a4 51. Kc2 axb3+ 52. Rcxb3 Rxb3 53. Rxb3 Rxb3 54. Kxb3 Kd5 55. Kc3 c4 56. Kd2 Kd4 57. Kc2 c3 58. Kc1 Kd3 59. Kd1 d5 60. Kc1 d4 61. Kd1 c2+ 62. Kc1 Ke2 63. Kxc2 d3+ 64. Kc1 d2+ 65. Kc2 d1Q+ 66. Kc3 Qd3+ 67. Kb4 Qc2 68. f4 Kd3 69. Kb5 Qc3 70. g5 Qc4+ 71. Kb6 Kd4 72. gxh6 gxh6 73. f5 Qc5+ 74. Kb7 Kd5 75. f6 Qc6+ 76. Ka7 Qb5 77. Ka8 Kc6 78. Ka7 Qb7# 0-1

[Event "Panevezys op-C"]
[Site "Panevezys"]
[Date "2022.07.02"]
[Round "3"]
[White "Skarbauskas, Valerijs"]
[Black "Mikulinaite, Meta"]
[Result "0-1"]
[WhiteElo "1222"]
[BlackElo "1136"]
[PlyCount "72"]
[EventDate "2022.07.01"]
[EventType "swiss"]
[EventRounds "7"]
[EventCountry "LTU"]
[SourceTitle "EXT 2023"]
[Source "ChessBase"]
[SourceDate "2022.10.05"]
[SourceVersion "1"]
[SourceVersionDate "2022.10.05"]
[SourceQuality "1"]

1. d4 d5 2. Nf3 Nf6 3. h4 g6 4. Bf4 Bg7 5. e3 Nc6 6. c3 a6 7. Nbd2 e6 8. Bd3 0-0 9. h5 Nxh5 10. Rxh5 gxh5 11. Qc2 f5 12. 0-0-0 Bd7 13. Rh1 Be8 14. Ng5 Qf6 15. g4 h6 16. Ndf3 hxg4 17. Qd1 gxf3 18. Nxf3 Rf7 19. Qg1 Re7 20. Bg3 Qf7 21. Rh2 Qf8 22. Bf4 Qf6 23. Rg2 Kh8 24. Qh1 h5 25. Bg5 Qf7 26. Bxe7 Qxe7 27. Nh4 Kh7 28. Nxf5 exf5 29. Bxf5+ Kh8 30. Rh2 Qg5 31. Bc2 Bf7 32. Bd1 Kg8 33. Bxh5 Bxh5 34. Rxh5 Qg6 35. Qxd5+ Qf7 36. Qg2 Qxh5 0-1

[Event "LTU-chT (Women)"]
[Site "Kaunas"]
[Date "2022.03.11"]
[Round "1.3"]
[White "Rauckyte, Kamile"]
[Black "Mikulinaite, Meta"]
[Result "1-0"]
[WhiteElo "1413"]
[BlackElo "1090"]
[PlyCount "139"]
[EventDate "2022.03.11"]
[EventType "team-tourn"]
[EventRounds "7"]
[EventCountry "LTU"]
[SourceTitle "EXT 2023"]
[Source "ChessBase"]
[SourceDate "2022.10.05"]
[SourceVersion "1"]
[SourceVersionDate "2022.10.05"]
[SourceQuality "1"]
[WhiteTeam "Vilnius (W)"]
[BlackTeam "Ukmerge Juodasis (W)"]
[WhiteTeamCountry "LTU"]
[BlackTeamCountry "LTU"]

1. d4 d5 2. Nf3 Nc6 3. Bf4 Nf6 4. e3 e6 5. Bb5 Bd7 6. 0-0 Bd6 7. Bxd6 cxd6 8. Nbd2 Qb6 9. Bxc6 Bxc6 10. b3 Rc8 11. Re1 0-0 12. c4 dxc4 13. Nxc4 Qc7 14. Rc1 Bd5 15. Ncd2 Qa5 16. Rc2 Ne4 17. Qc1 Rxc2 18. Qxc2 Nc3 19. e4 Rc8 20. Kh1 Bxb3 21. axb3 Qb4 22. Rc1 Rc6 23. Nc4 Nb5 24. Qb2 a5 25. Qa1 Ra6 26. Qa4 Qxa4 27. bxa4 Na7 28. d5 b5 29. axb5 Nxb5 30. Nxa5 Kf8 31. Nb3 exd5 32. exd5 Ra3 33. Nfd2 Ke7 34. g3 Kf6 35. f4 Ra7 36. Ne4+ Kg6 37. Rc6 Rd7 38. Rb6 Nc7 39. Rxd6+ Rxd6 40. Nxd6 Nxd5 41. Nd4 h5 42. Nf3 Kf6 43. Ng5 g6 44. Ndxf7 Ne7 45. Kg2 Kf5 46. Kf3 Kf6 47. h3 Kf5 48. Nd6+ Kf6 49. Ke4 Kg7 50. g4 hxg4 51. hxg4 Ng8 52. Ke5 Nh6 53. Ne6+ Kh7 54. g5 Ng4+ 55. Kd5 Ne3+ 56. Kc6 Kg8 57. Kd7 Kh7 58. Ke8 Kg8 59. Ne4 Nd5 60. Nf6+ Nxf6+ 61. gxf6 Kh7 62. f7 Kh6 63. f8Q+ Kh5 64. Qf6 Kh6 65. f5 Kh5 66. Qxg6+ Kh4 67. f6 Kh3 68. f7 Kh2 69. f8R Kh1 70. Rh8# 1-0